[Event "Titled Tuesday intern Qual3 18th April"]
[Site "Chess.com INT"]
[Date "2017.04.18"]
[Round "9"]
[White "Dhanush, Bharadwaj"]
[Black "Zhong, Xiao Kang"]
[Result "0-1"]
[WhiteElo "2191"]
[BlackElo "2001"]
[PlyCount "108"]
[EventDate "2017.04.18"]
[EventType "swiss (blitz)"]
[EventRounds "10"]
[EventCountry "USA"]
[SourceTitle "EXT 2021"]
[Source "ChessBase"]
[SourceDate "2020.10.23"]
[SourceVersion "1"]
[SourceVersionDate "2020.10.23"]
[SourceQuality "1"]

1. b3 g6 2. Bb2 Nf6 3. e4 Bg7 4. Nf3 0-0 5. Nc3 c6 6. e5 Nd5 7. Nxd5 cxd5 8. d4 e6 9. c4 dxc4 10. Bxc4 d5 11. Bb5 Qa5+ 12. Qd2 Qxb5 13. Rc1 Nd7 14. Ba3 Re8 15. Qe2 Qxe2+ 16. Kxe2 Nb6 17. Rc7 Bd7 18. Rxb7 Bc6 19. Rc7 Rec8 20. Rxc8+ Rxc8 21. Rc1 Bb7 22. Bc5 Nd7 23. b4 Nxc5 24. dxc5 a6 25. a4 Bc6 26. Nd4 Bxa4 27. Ra1 Bb5+ 28. Nxb5 axb5 29. f4 g5 30. g3 gxf4 31. gxf4 f6 32. Ra6 fxe5 33. fxe5 Bxe5 34. Rb6 Kf7 35. Rxb5 Rb8 36. Ra5 Rxb4 37. Ra7+ Kg6 38. Re7 Re4+ 39. Kd3 Bf6 40. Rd7 Rc4 41. Rc7 Bd4 42. c6 Be5 43. Rc8 Kf7 44. h3 Ke7 45. Ke3 Rc3+ 46. Kf2 d4 47. Ke2 Bd6 48. Kd2 e5 49. Ke2 e4 50. Kd2 Be5 51. Ke2 d3+ 52. Kd2 Rc2+ 53. Kd1 Bf4 54. c7 Rc1# 0-1

[Event "Titled Tuesday intern Qual3 18th April"]
[Site "Chess.com INT"]
[Date "2017.04.18"]
[Round "4"]
[White "Moskalenko, Alexander"]
[Black "Dhanush, Bharadwaj"]
[Result "1-0"]
[WhiteElo "2514"]
[BlackElo "2191"]
[PlyCount "69"]
[EventDate "2017.04.18"]
[EventType "swiss (blitz)"]
[EventRounds "10"]
[EventCountry "USA"]
[SourceTitle "EXT 2021"]
[Source "ChessBase"]
[SourceDate "2020.10.23"]
[SourceVersion "1"]
[SourceVersionDate "2020.10.23"]
[SourceQuality "1"]

1. c4 g6 2. Nf3 Bg7 3. g3 Nf6 4. d4 d6 5. Bg2 0-0 6. Nc3 Nbd7 7. 0-0 e5 8. Qc2 c6 9. Rd1 Qc7 10. b3 Re8 11. dxe5 dxe5 12. Nd2 Nc5 13. Ba3 Ne6 14. e3 h5 15. Nde4 Nxe4 16. Nxe4 Qa5 17. Bb2 f5 18. Bc3 Qc7 19. Nd6 Rd8 20. c5 e4 21. b4 Kh7 22. h4 Qe7 23. Bf1 Nc7 24. Bc4 Be6 25. Bxg7 Qxg7 26. Nxb7 Bxc4 27. Qxc4 Rxd1+ 28. Rxd1 Nd5 29. Na5 Qb2 30. Nxc6 Nc3 31. Rd7+ Kh6 32. Qf7 Ne2+ 33. Kg2 Qh8 34. Ne5 Re8 35. Qxg6# 1-0

[Event "Titled Tuesday intern Qual2 11th April"]
[Site "Chess.com INT"]
[Date "2017.04.11"]
[Round "5"]
[White "Dhanush, Bharadwaj"]
[Black "Tristan, Leonardo"]
[Result "1/2-1/2"]
[WhiteElo "2191"]
[BlackElo "2458"]
[PlyCount "149"]
[EventDate "2017.04.11"]
[EventType "swiss (blitz)"]
[EventRounds "10"]
[EventCountry "USA"]
[SourceTitle "EXT 2021"]
[Source "ChessBase"]
[SourceDate "2020.10.23"]
[SourceVersion "1"]
[SourceVersionDate "2020.10.23"]
[SourceQuality "1"]

1. Nf3 Nf6 2. c4 e6 3. g3 d5 4. b3 Be7 5. Bg2 0-0 6. 0-0 a5 7. Bb2 a4 8. d3 c6 9. Nbd2 a3 10. Bc3 b5 11. Rc1 Qb6 12. e3 Rd8 13. Qc2 Ba6 14. Rfd1 Nbd7 15. Ne5 Nxe5 16. Bxe5 Nd7 17. Ba1 Rac8 18. Qc3 Bf6 19. Qc2 Bxa1 20. Rxa1 bxc4 21. bxc4 Ne5 22. Rab1 Qa5 23. Nb3 Qa4 24. c5 Rb8 25. h3 Rb4 26. f4 Nxd3 27. Rxd3 Bxd3 28. Qxd3 Rdb8 29. Bf1 Rxb3 30. axb3 a2 31. Ra1 Rxb3 32. Qc2 Ra3 33. Qxa4 Rxa4 34. Kf2 f6 35. Ke2 Ra3 36. Kd2 e5 37. fxe5 fxe5 38. Bd3 e4 39. Bc2 Kf7 40. Bd1 g6 41. Bg4 Ke7 42. Kc2 h5 43. Bc8 Kd8 44. Be6 Ke7 45. Bc8 Rxe3 46. Rxa2 Rxg3 47. Ra7+ Kf6 48. Rc7 d4 49. Rxc6+ Ke5 50. Re6+ Kd5 51. Re8 e3 52. Kd3 Kxc5 53. Re5+ Kd6 54. Re4 Kc5 55. Re5+ Kd6 56. Re4 Kc5 57. Re5+ Kc6 58. Kxd4 Kc7 59. Rc5+ Kd6 60. Rd5+ Ke7 61. Re5+ Kd8 62. Rxe3 Rxe3 63. Kxe3 Kxc8 64. Kf4 Kd7 65. Kg5 Ke6 66. Kxg6 h4 67. Kg5 Kf7 68. Kxh4 Kg7 69. Kg5 Kh7 70. h4 Kh8 71. h5 Kg8 72. h6 Kh8 73. Kg6 Kg8 74. h7+ Kh8 75. Kh6 1/2-1/2

[Event "Titled Tuesday intern Qual1 4th April"]
[Site "Chess.com INT"]
[Date "2017.04.04"]
[Round "2"]
[White "Dhanush, Bharadwaj"]
[Black "Savchenko, Boris"]
[Result "0-1"]
[WhiteElo "2191"]
[BlackElo "2636"]
[PlyCount "150"]
[EventDate "2017.04.04"]
[EventType "swiss (blitz)"]
[EventRounds "10"]
[EventCountry "USA"]
[SourceTitle "EXT 2021"]
[Source "ChessBase"]
[SourceDate "2020.10.23"]
[SourceVersion "1"]
[SourceVersionDate "2020.10.23"]
[SourceQuality "1"]

1. Nf3 d5 2. c4 d4 3. g3 Nc6 4. Bg2 e5 5. d3 Nf6 6. 0-0 h6 7. a3 a5 8. e3 Be7 9. exd4 exd4 10. Re1 0-0 11. Nbd2 Bf5 12. Ne4 Nxe4 13. dxe4 Be6 14. b3 a4 15. b4 Bxc4 16. Bb2 d3 17. Qd2 Qd7 18. Rac1 b5 19. Red1 Rfd8 20. Bf1 Qg4 21. Qe3 f5 22. Bxd3 Rxd3 23. Rxd3 fxe4 24. h3 Qxf3 25. Qxf3 exf3 26. Rxf3 Rd8 27. Re1 Rd7 28. Rfe3 Kf7 29. g4 Rd3 30. Rxd3 Bxd3 31. f4 Bc4 32. Rd1 Ke8 33. Kf2 g6 34. Ke3 Nd8 35. f5 gxf5 36. gxf5 c5 37. f6 Bf8 38. bxc5 Bxc5+ 39. Kf4 Be6 40. Ke5 Bxh3 41. Rh1 Bd7 42. Rc1 Be3 43. Re1 Bf2 44. Re2 Bg3+ 45. Kd5+ Kf8 46. Re7 Bc6+ 47. Kc5 Be8 48. Rh7 Nf7 49. Rg7 Bf4 50. Bd4 Bd6+ 51. Kd5 Bxa3 52. Bf2 Bb4 53. Rg3 a3 54. Rb3 a2 55. Bd4 Bd6 56. Re3 h5 57. Rh3 Be5 58. Bxe5 Nxe5 59. Ra3 Nd3 60. Kd6 Nc1 61. Ra7 b4 62. Ke6 b3 63. Ra8 a1Q 64. Rxa1 Na2 65. Rg1 Nc3 66. Rg2 Bf7+ 67. Ke5 Na4 68. Rd2 Kg8 69. Rd7 b2 70. Rb7 Bg6 71. Rb8+ Kh7 72. f7 Bxf7 73. Kf6 Bg6 74. Rb7+ Kh6 75. Rb8 b1Q 0-1

[Event "Titled Tuesday intern Qual1 4th April"]
[Site "Chess.com INT"]
[Date "2017.04.04"]
[Round "6"]
[White "Matko, Ognjen"]
[Black "Dhanush, Bharadwaj"]
[Result "1-0"]
[WhiteElo "2302"]
[BlackElo "2191"]
[PlyCount "65"]
[EventDate "2017.04.04"]
[EventType "swiss (blitz)"]
[EventRounds "10"]
[EventCountry "USA"]
[SourceTitle "EXT 2021"]
[Source "ChessBase"]
[SourceDate "2020.10.23"]
[SourceVersion "1"]
[SourceVersionDate "2020.10.23"]
[SourceQuality "1"]

1. Nf3 Nf6 2. c4 g6 3. Nc3 Bg7 4. d4 d6 5. e4 0-0 6. Be2 Na6 7. 0-0 e5 8. Be3 Ng4 9. Bg5 Qe8 10. h3 h6 11. Bh4 exd4 12. Nxd4 Nf6 13. Bf3 c6 14. Re1 Be6 15. Nd5 cxd5 16. exd5 Qc8 17. dxe6 fxe6 18. Nxe6 Rf7 19. Qxd6 Qxc4 20. Nxg7 Qxh4 21. Ne6 Rc8 22. Nd8 Rd7 23. Bd5+ Nxd5 24. Qe6+ Kf8 25. Qe8+ Kg7 26. Qxd7+ Kf6 27. Qxc8 Nac7 28. Qd7 Qd4 29. Qf7+ Kg5 30. Rad1 Qxb2 31. Rxd5+ Nxd5 32. Qxd5+ Kh4 33. Re4# 1-0

[Event "Titled Tuesday intern op 1st Nov 10am"]
[Site "Chess.com INT"]
[Date "2016.11.01"]
[Round "3"]
[White "Literatus, Austin Jacob"]
[Black "Dhanush, Bharadwaj"]
[Result "0-1"]
[WhiteElo "2124"]
[BlackElo "2191"]
[PlyCount "66"]
[EventDate "2016.11.01"]
[EventType "swiss (blitz)"]
[EventRounds "9"]
[EventCountry "USA"]
[SourceTitle "EXT 2021"]
[Source "ChessBase"]
[SourceDate "2020.10.23"]
[SourceVersion "1"]
[SourceVersionDate "2020.10.23"]
[SourceQuality "1"]

1. g3 Nf6 2. Bg2 g6 3. e4 d6 4. d4 Bg7 5. Nc3 0-0 6. Nge2 c5 7. 0-0 cxd4 8. Nxd4 a6 9. h3 Qc7 10. Nde2 Nbd7 11. Be3 Rb8 12. Kh2 b5 13. Nd4 Bb7 14. Qd2 Nb6 15. b3 Rfc8 16. Nde2 b4 17. Bxb6 Qxb6 18. Na4 Qb5 19. f3 Nd7 20. Rad1 a5 21. c4 bxc3 22. Nexc3 Qb4 23. Nd5 Bxd5 24. Qxd5 Rc2 25. Rd3 Rbc8 26. Rfd1 Rxa2 27. R3d2 Rxd2 28. Rxd2 h5 29. h4 Nc5 30. Nxc5 Rxc5 31. Qa8+ Kh7 32. Qe8 Qxd2 33. Qxf7 Rc2 0-1

[Event "Wch U12"]
[Site "Batumi"]
[Date "2016.10.28"]
[Round "9"]
[White "Hinrichs, Paul"]
[Black "Dhanush, Bharadwaj"]
[Result "0-1"]
[WhiteElo "1883"]
[BlackElo "2232"]
[PlyCount "100"]
[EventDate "2016.10.19"]
[EventType "swiss"]
[EventRounds "11"]
[EventCountry "GEO"]
[SourceTitle "EXT 2018"]
[Source "ChessBase"]
[SourceDate "2017.10.13"]
[SourceVersion "1"]
[SourceVersionDate "2017.10.13"]
[SourceQuality "1"]

1. d4 Nf6 2. c4 g6 3. Nc3 Bg7 4. e4 d6 5. f3 c6 6. Be3 a6 7. a4 a5 8. Nge2 Na6 9. Qd2 Qc7 10. Nc1 e5 11. d5 Nb4 12. Nd3 Bd7 13. Be2 Nh5 14. Nd1 cxd5 15. Nxb4 axb4 16. cxd5 Nf4 17. g3 Nxe2 18. Kxe2 Qc4+ 19. Qd3 Qxd3+ 20. Kxd3 Bxa4 21. Nf2 Bb5+ 22. Kd2 Kd7 23. Nd3 b3 24. Nb4 f5 25. Rxa8 Rxa8 26. Rc1 Rf8 27. exf5 gxf5 28. Bb6 Rc8 29. Rxc8 Kxc8 30. Kc3 e4+ 31. Kxb3 exf3 32. Nc2 Bd3 33. Bf2 Be4 34. Ne3 Bd4 35. h3 Kd7 36. Nd1 Bxd5+ 37. Kc2 Be5 38. Kd2 b5 39. Nc3 Kc6 40. b4 Be4 41. Nd1 d5 42. Ne3 d4 43. Nc2 Kd5 44. Na3 Bd6 45. Nxb5 Bxb4+ 46. Kd1 Kc4 47. Nc7 Bd3 48. Ne6 Be2+ 49. Kc1 d3 50. Be3 f2 0-1

[Event "Wch U12"]
[Site "Batumi"]
[Date "2016.10.23"]
[Round "5"]
[White "Dhanush, Bharadwaj"]
[Black "Fecker, Noah"]
[Result "1-0"]
[WhiteElo "2232"]
[BlackElo "1951"]
[PlyCount "105"]
[EventDate "2016.10.19"]
[EventType "swiss"]
[EventRounds "11"]
[EventCountry "GEO"]
[SourceTitle "EXT 2018"]
[Source "ChessBase"]
[SourceDate "2017.10.13"]
[SourceVersion "1"]
[SourceVersionDate "2017.10.13"]
[SourceQuality "1"]

1. Nf3 c5 2. c4 Nc6 3. Nc3 g6 4. e3 Nf6 5. d4 cxd4 6. exd4 d5 7. cxd5 Nxd5 8. Bc4 Nxc3 9. Qb3 e6 10. bxc3 Bg7 11. Ba3 Ne7 12. Bb5+ Bd7 13. Rb1 b6 14. 0-0 0-0 15. Rfd1 Bxb5 16. Qxb5 Qc7 17. c4 Rfd8 18. Rbc1 Rac8 19. h3 Qb7 20. Rd3 Nf5 21. Rcd1 Qc6 22. Qxc6 Rxc6 23. d5 Rxc4 24. dxe6 Rxd3 25. Rxd3 fxe6 26. Rd8+ Kf7 27. g4 Nd4 28. Ng5+ Kf6 29. Nxh7+ Ke5 30. Kg2 Rc2 31. Rd7 Bh8 32. Bd6+ Ke4 33. Ng5+ Kd3 34. Nf7 Bg7 35. Ne5+ Bxe5 36. Bxe5 Rc4 37. Kg3 Ke4 38. Bxd4 Rxd4 39. Rxd4+ Kxd4 40. Kf4 e5+ 41. Kg5 Ke4 42. h4 Kf3 43. h5 gxh5 44. gxh5 e4 45. h6 Kxf2 46. h7 e3 47. h8Q e2 48. Qd4+ Kf1 49. Qf4+ Kg2 50. Qe3 Kf1 51. Qf3+ Ke1 52. Kf4 Kd2 53. Qe3+ 1-0